[Event "VIE-chT"]
[Site "Hanoi"]
[Date "2023.04.22"]
[Round "7"]
[White "Nguyen, Hoang Dang Huy"]
[Black "Chau, Van Khai Hoan"]
[Result "1-0"]
[WhiteElo "1696"]
[BlackElo "1987"]
[PlyCount "143"]
[EventDate "2023.04.18"]
[EventType "swiss"]
[EventRounds "9"]
[EventCountry "VIE"]
[SourceTitle "EXT 2024"]
[Source "ChessBase"]
[SourceDate "2023.10.10"]
[SourceVersion "1"]
[SourceVersionDate "2023.10.10"]
[SourceQuality "1"]

1. Nf3 d5 2. g3 Nf6 3. Bg2 e6 4. 0-0 b6 5. c4 Bb7 6. Ne5 Bd6 7. d4 0-0 8. Nc3 c6 9. e4 Nxe4 10. Nxe4 dxe4 11. Bxe4 Qc7 12. Nd3 Nd7 13. b3 c5 14. Bxb7 Qxb7 15. Ba3 Qc7 16. dxc5 Nxc5 17. Nxc5 Bxc5 18. Bb2 Rfd8 19. Qg4 Bf8 20. Rad1 Rxd1 21. Rxd1 Rd8 22. Rd4 Rxd4 23. Qxd4 Qd6 24. Kf1 Qxd4 25. Bxd4 f5 26. Ke2 Kf7 27. Kd3 Bb4 28. h3 g6 29. f3 Bd6 30. g4 e5 31. Be3 h5 32. Kc3 Kf6 33. b4 e4 34. g5+ Ke6 35. fxe4 fxe4 36. c5 bxc5 37. bxc5 Be5+ 38. Kc4 a6 39. a3 Bb2 40. a4 Be5 41. Bd2 Bb2 42. Bf4 Bg7 43. c6 e3 44. c7 Kd7 45. Kd3 e2 46. Kxe2 Bc3 47. Kd3 Ba5 48. Ke4 Bc3 49. Kd5 Bb4 50. Kc4 Ba3 51. Kd5 h4 52. Ke4 Bb4 53. Kd5 Ba3 54. c8Q+ Kxc8 55. Ke6 Kb7 56. Kf7 Kb6 57. Kxg6 Ka5 58. Be5 Kxa4 59. Kf7 Bc1 60. g6 Bh6 61. g7 Bxg7 62. Kxg7 Kb5 63. Kg6 Kc5 64. Kg5 Kd5 65. Ba1 Ke6 66. Kxh4 Kf7 67. Kg5 a5 68. h4 a4 69. h5 a3 70. h6 a2 71. h7 Kf8 72. h8Q+ 1-0

[Event "VIE-chT"]
[Site "Hanoi"]
[Date "2023.04.20"]
[Round "4"]
[White "Nguyen, Hoang Nam1111"]
[Black "Nguyen, Hoang Dang Huy"]
[Result "1/2-1/2"]
[WhiteElo "2130"]
[BlackElo "1696"]
[PlyCount "120"]
[EventDate "2023.04.18"]
[EventType "swiss"]
[EventRounds "9"]
[EventCountry "VIE"]
[SourceTitle "EXT 2024"]
[Source "ChessBase"]
[SourceDate "2023.10.10"]
[SourceVersion "1"]
[SourceVersionDate "2023.10.10"]
[SourceQuality "1"]

1. d4 Nf6 2. c4 g6 3. Nc3 Bg7 4. e4 d6 5. f3 0-0 6. Bg5 c5 7. d5 a6 8. Qd2 b5 9. cxb5 Qa5 10. Bh6 Bxh6 11. Qxh6 axb5 12. Bxb5 Ba6 13. Bxa6 Nxa6 14. Qd2 Rfb8 15. Nh3 c4 16. Nf2 Nc5 17. 0-0 Qb6 18. Rab1 Nfd7 19. h4 Ne5 20. Kh2 e6 21. Qh6 Qd8 22. f4 Ned7 23. Kg1 exd5 24. exd5 Qf6 25. f5 gxf5 26. Qf4 h5 27. Qxc4 Ne5 28. Qf4 Ng6 29. Qh6 Qxh4 30. Nh3 Qd4+ 31. Kh1 Qg7 32. Qxh5 Rb4 33. Rxf5 Rh4 34. Qg5 Nd7 35. Rbf1 Nde5 36. Kg1 Rb8 37. b3 Rc8 38. Nb5 Rc2 39. R1f2 Rxf2 40. Rxf2 Rg4 41. Qf6 Rxg2+ 42. Kf1 Qxf6 43. Rxf6 Rxa2 44. Rxd6 Rb2 45. Nd4 Rd2 46. Ne2 Rd3 47. Ng5 Rxb3 48. Nd4 Rb8 49. Nf5 Ng4 50. Kg2 N6e5 51. Ra6 f6 52. Ne4 Kf7 53. Kg3 Kg6 54. Nh4+ Kh5 55. Nxf6+ Nxf6 56. Rxf6 Rb3+ 57. Nf3 Rxf3+ 58. Rxf3 Nxf3 59. Kxf3 Kg5 60. Ke3 Kf6 1/2-1/2

[Event "VIE-ch U20"]
[Site "Ho Chi Minh City"]
[Date "2022.07.15"]
[Round "7"]
[White "Nguyen, Huynh Minh Thien"]
[Black "Nguyen, Hoang Dang Huy"]
[Result "1-0"]
[WhiteElo "2261"]
[BlackElo "2255"]
[PlyCount "95"]
[EventDate "2022.07.11"]
[EventType "swiss"]
[EventRounds "9"]
[EventCountry "VIE"]
[SourceTitle "EXT 2023"]
[Source "ChessBase"]
[SourceDate "2022.10.05"]
[SourceVersion "1"]
[SourceVersionDate "2022.10.05"]
[SourceQuality "1"]

1. Nf3 g6 2. g3 Bg7 3. d4 d6 4. Bg2 Nf6 5. 0-0 0-0 6. Re1 c6 7. e4 Bg4 8. Nbd2 e5 9. h3 Bxf3 10. Nxf3 Nbd7 11. c3 Re8 12. Qc2 Qc7 13. a4 a5 14. Be3 Rad8 15. Rad1 exd4 16. Bxd4 c5 17. Bxf6 Bxf6 18. Nd2 Nb6 19. Qb3 c4 20. Qa2 Qc5 21. Nf1 Bg5 22. Nh2 h5 23. Nf3 h4 24. g4 Bf6 25. Nd4 d5 26. exd5 Rxe1+ 27. Rxe1 Nxd5 28. Qb1 Nf4 29. Qe4 Nd3 30. Re2 Bxd4 31. cxd4 Rxd4 32. Qxb7 Rf4 33. Qc6 Qd4 34. Qe8+ Kg7 35. Qe3 Qf6 36. b3 Nb2 37. g5 Qxg5 38. Rxb2 cxb3 39. Rxb3 Qf6 40. Ra3 Kh7 41. Ra2 Rb4 42. Qd3 Qe6 43. Re2 Qb6 44. Qd7 Rb1+ 45. Bf1 Qf6 46. Qe7 Qa1 47. Qxf7+ Kh6 48. Qf4+ 1-0

[Event "VIE-ch U20"]
[Site "Ho Chi Minh City"]
[Date "2022.07.14"]
[Round "6"]
[White "Le, Ngoc Hieu"]
[Black "Nguyen, Hoang Dang Huy"]
[Result "0-1"]
[WhiteElo "2244"]
[BlackElo "2255"]
[PlyCount "56"]
[EventDate "2022.07.11"]
[EventType "swiss"]
[EventRounds "9"]
[EventCountry "VIE"]
[SourceTitle "EXT 2023"]
[Source "ChessBase"]
[SourceDate "2022.10.05"]
[SourceVersion "1"]
[SourceVersionDate "2022.10.05"]
[SourceQuality "1"]

1. e4 g6 2. d4 Bg7 3. Nc3 d6 4. Be3 a6 5. Qd2 b5 6. a3 Bb7 7. f3 Nd7 8. h4 h5 9. Nh3 c5 10. Ne2 e6 11. Bg5 Qc7 12. c3 Ne7 13. g3 Nc6 14. Rd1 cxd4 15. Nxd4 Nxd4 16. cxd4 Rc8 17. Rg1 Nb6 18. Rg2 Nc4 19. Bxc4 Qxc4 20. Be3 f5 21. Nf2 0-0 22. Rg1 Qb3 23. Qe2 Rc2 24. Rd2 Rfc8 25. Nd1 fxe4 26. fxe4 Rxd2 27. Qxd2 Rc2 28. Qa5 Qd3 0-1

[Event "VIE-ch U20"]
[Site "Hanoi"]
[Date "2022.06.17"]
[Round "9"]
[White "Nguyen, Hoang Dang Huy"]
[Black "Nguyen, Lam Tung"]
[Result "1-0"]
[WhiteElo "2269"]
[BlackElo "2260"]
[PlyCount "33"]
[EventDate "2022.06.11"]
[EventType "swiss"]
[EventRounds "9"]
[EventCountry "VIE"]
[SourceTitle "EXT 2023"]
[Source "ChessBase"]
[SourceDate "2022.10.05"]
[SourceVersion "1"]
[SourceVersionDate "2022.10.05"]
[SourceQuality "1"]

1. e4 c5 2. Nf3 Nc6 3. d4 cxd4 4. Nxd4 g6 5. Nc3 Bg7 6. Be3 Nf6 7. Nxc6 bxc6 8. e5 Ng8 9. Bd4 f6 10. Qe2 fxe5 11. Bxe5 Nf6 12. 0-0-0 Kf8 13. h4 Qa5 14. h5 Nxh5 15. Rxh5 gxh5 16. Bxg7+ Kxg7 17. Qxe7+ 1-0

[Event "VIE-ch U20"]
[Site "Hanoi"]
[Date "2022.06.15"]
[Round "7"]
[White "Nguyen, Hoang Dang Huy"]
[Black "Pham, Quang Hung1111"]
[Result "1-0"]
[WhiteElo "2269"]
[BlackElo "2272"]
[PlyCount "75"]
[EventDate "2022.06.11"]
[EventType "swiss"]
[EventRounds "9"]
[EventCountry "VIE"]
[SourceTitle "EXT 2023"]
[Source "ChessBase"]
[SourceDate "2022.10.05"]
[SourceVersion "1"]
[SourceVersionDate "2022.10.05"]
[SourceQuality "1"]

1. c4 Nf6 2. Nf3 e6 3. g3 Be7 4. Bg2 d5 5. 0-0 0-0 6. d4 b6 7. Nc3 Bb7 8. cxd5 exd5 9. b3 Nbd7 10. Bb2 Re8 11. Qc2 Ne4 12. Nxe4 dxe4 13. Ne5 Nf6 14. Nc6 Bxc6 15. Qxc6 Bd6 16. f3 Qe7 17. Rad1 exf3 18. Bxf3 Qe3+ 19. Kg2 Qg5 20. e4 Ng4 21. Bc1 Ne3+ 22. Bxe3 Qxe3 23. e5 Bf8 24. Qc4 Rad8 25. Bd5 Kh8 26. Bxf7 Qe4+ 27. Kh3 g5 28. Bh5 Re7 29. Rde1 b5 30. Qc5 g4+ 31. Bxg4 Qg6 32. Rxf8+ Rxf8 33. Qxe7 Rf7 34. Qe6 Kg7 35. Kg2 Rf8 36. Rf1 Rxf1 37. Kxf1 Qg5 38. Qf6+ 1-0

[Event "VIE-ch U20"]
[Site "Hanoi"]
[Date "2022.06.13"]
[Round "4"]
[White "Nguyen, Hoang Vi"]
[Black "Nguyen, Hoang Dang Huy"]
[Result "1-0"]
[WhiteElo "2252"]
[BlackElo "2269"]
[PlyCount "49"]
[EventDate "2022.06.11"]
[EventType "swiss"]
[EventRounds "9"]
[EventCountry "VIE"]
[SourceTitle "EXT 2023"]
[Source "ChessBase"]
[SourceDate "2022.10.05"]
[SourceVersion "1"]
[SourceVersionDate "2022.10.05"]
[SourceQuality "1"]

1. e4 g6 2. Bc4 d6 3. Nf3 Bg7 4. d4 Nf6 5. Qe2 Bg4 6. e5 dxe5 7. dxe5 Nd5 8. Qe4 Bxf3 9. Qxf3 e6 10. Qg3 0-0 11. 0-0 Nc6 12. Re1 Nd4 13. Na3 Nf5 14. Qb3 Nb6 15. Bf1 h5 16. c3 c6 17. Nc4 Nxc4 18. Qxc4 Qc7 19. Qe4 Rfd8 20. Bg5 Rd5 21. Bf4 Bh6 22. Bc4 Rd7 23. Bxh6 Nxh6 24. Bxe6 Re7 25. Qxg6+ 1-0

[Event "VIE-ch"]
[Site "Tinh Bac Giang"]
[Date "2022.02.28"]
[Round "8"]
[White "Nguyen, Quang Trung"]
[Black "Nguyen, Hoang Dang Huy"]
[Result "1-0"]
[WhiteElo "1797"]
[BlackElo "1716"]
[PlyCount "73"]
[EventDate "2022.02.28"]
[EventType "swiss"]
[EventRounds "9"]
[EventCountry "VIE"]
[SourceTitle "CBM 207 Extra"]
[Source "ChessBase"]
[SourceDate "2022.05.31"]
[SourceVersion "1"]
[SourceVersionDate "2022.05.31"]
[SourceQuality "1"]

1. d4 Nf6 2. Bg5 g6 3. Bxf6 exf6 4. Nf3 Bg7 5. e3 0-0 6. Bd3 d6 7. 0-0 f5 8. c4 c5 9. Nc3 Nc6 10. Ne2 Nb4 11. Bb1 Be6 12. a3 Na6 13. Bd3 g5 14. Qc2 g4 15. Nd2 Qg5 16. d5 Bd7 17. Ng3 Rfe8 18. Bxf5 Bxf5 19. Qxf5 Qxf5 20. Nxf5 Bxb2 21. Rab1 Be5 22. Rxb7 Reb8 23. Rfb1 Kf8 24. Ne4 Nb4 25. Rxb8+ Rxb8 26. axb4 cxb4 27. Nfxd6 a5 28. Nb5 Rc8 29. c5 f5 30. Nbd6 Ra8 31. Nc4 Bh8 32. Ned2 Bf6 33. Nb6 Ra7 34. Nb3 a4 35. Nc1 a3 36. Na2 Ra5 37. c6 1-0

[Event "VIE Cup"]
[Site "Bac Giang"]
[Date "2018.06.02"]
[Round "5"]
[White "Pham, Anh Dung"]
[Black "Nguyen, Hoang Dang Huy"]
[Result "0-1"]
[WhiteElo "1917"]
[BlackElo "1684"]
[PlyCount "42"]
[EventDate "2018.05.30"]
[EventType "swiss"]
[EventRounds "9"]
[EventCountry "VIE"]
[SourceTitle "CBM 184 Extra"]
[Source "ChessBase"]
[SourceDate "2018.06.28"]
[SourceVersion "1"]
[SourceVersionDate "2018.06.28"]
[SourceQuality "1"]

1. e4 g6 2. d4 Bg7 3. c4 d6 4. Nc3 Nf6 5. f3 0-0 6. Be3 e5 7. d5 c6 8. c5 cxd5 9. exd5 e4 10. Bb5 Bd7 11. Bxd7 Nbxd7 12. fxe4 Re8 13. Qc2 Ng4 14. Bf4 Nxc5 15. 0-0-0 Rc8 16. Nh3 Nxe4 17. Bd2 b5 18. Rhe1 Nxd2 19. Qxd2 Rxe1 20. Rxe1 b4 21. Qf4 Bh6 0-1

[Event "VIE Cup"]
[Site "Bac Giang"]
[Date "2018.05.30"]
[Round "1"]
[White "Vu, Quoc Hung"]
[Black "Nguyen, Hoang Dang Huy"]
[Result "0-1"]
[WhiteElo "1877"]
[BlackElo "1684"]
[PlyCount "112"]
[EventDate "2018.05.30"]
[EventType "swiss"]
[EventRounds "9"]
[EventCountry "VIE"]
[SourceTitle "CBM 184 Extra"]
[Source "ChessBase"]
[SourceDate "2018.06.28"]
[SourceVersion "1"]
[SourceVersionDate "2018.06.28"]
[SourceQuality "1"]

1. d4 Nf6 2. Nf3 g6 3. e3 Bg7 4. Nbd2 0-0 5. Be2 d6 6. 0-0 Nc6 7. Bb5 Bd7 8. Re1 Re8 9. e4 e5 10. d5 Ne7 11. Bxd7 Nxd7 12. Nf1 h6 13. Ng3 f5 14. exf5 Nxf5 15. Qd3 Qf6 16. Bd2 Qf7 17. Nxf5 gxf5 18. Nh4 Rf8 19. Qg3 Kh7 20. Qh3 Qh5 21. Qg3 Qg4 22. Re3 Bf6 23. Nf3 Qxg3 24. hxg3 e4 25. Nh2 Bxb2 26. Rb1 Bd4 27. Reb3 h5 28. Kf1 b6 29. Ke2 Nf6 30. c3 Bc5 31. c4 Bd4 32. f3 Rae8 33. Be3 Bxe3 34. Rxe3 Kg6 35. Re1 exf3+ 36. gxf3 Rxe3+ 37. Kxe3 Re8+ 38. Kf2 Rxe1 39. Kxe1 f4 40. Kf2 Kf5 41. Nf1 b5 42. gxf4 bxc4 43. Ne3+ Kxf4 44. Nxc4 Nxd5 45. Nd2 Nc3 46. a3 a5 47. Nb3 a4 48. Nd4 c5 49. Ne6+ Ke5 50. Nc7 Nb1 51. Nb5 d5 52. Ke2 d4 53. Kd3 h4 54. Kc2 Nc3 55. Nxc3 dxc3 56. Kxc3 h3 0-1

[Event "VIE-chT"]
[Site "Ho Chi Minh City"]
[Date "2017.07.29"]
[Round "9.39"]
[White "Nguyen, Hoang Dang Huy"]
[Black "Le, Minh Kha"]
[Result "1-0"]
[WhiteElo "1684"]
[BlackElo "2019"]
[PlyCount "43"]
[EventDate "2017.07.24"]
[EventType "team-swiss"]
[EventRounds "9"]
[EventCountry "VIE"]
[SourceTitle "EXT 2019"]
[Source "ChessBase"]
[SourceDate "2018.10.10"]
[SourceVersion "1"]
[SourceVersionDate "2018.10.10"]
[SourceQuality "1"]

1. e4 c5 2. Nc3 Nc6 3. g3 g6 4. Bg2 Bg7 5. Nge2 e6 6. 0-0 Nge7 7. d3 d6 8. Be3 0-0 9. Qd2 a6 10. Bh6 f5 11. Bxg7 Kxg7 12. f4 d5 13. exd5 Nxd5 14. Nxd5 exd5 15. d4 c4 16. Rae1 Re8 17. Kh1 Qc7 18. Bxd5 Rd8 19. Bg2 b5 20. d5 Ne7 21. Qc3+ Kg8 22. d6 1-0

[Event "Ho Chi Minh City HD Bank op-B 6th"]
[Site "Ho Chi Minh City"]
[Date "2016.03.11"]
[Round "6"]
[White "Nguyen, Hoang Dang Huy"]
[Black "Woong, Zhi Wei William"]
[Result "0-1"]
[WhiteElo "1670"]
[BlackElo "2050"]
[PlyCount "96"]
[EventDate "2016.03.08"]
[EventType "swiss"]
[EventRounds "9"]
[EventCountry "VIE"]
[SourceTitle "CBM 171 Extra"]
[Source "ChessBase"]
[SourceDate "2016.04.26"]
[SourceVersion "1"]
[SourceVersionDate "2016.04.26"]
[SourceQuality "1"]

1. e4 c5 2. Nc3 d6 3. g3 Nc6 4. Bg2 g6 5. Nge2 Bg7 6. d3 e6 7. Be3 Nd4 8. Qd2 Ne7 9. 0-0 0-0 10. f4 Rb8 11. Rab1 Nec6 12. a3 a5 13. a4 Bd7 14. Nb5 Nxe2+ 15. Qxe2 Nd4 16. Bxd4 Bxd4+ 17. Nxd4 cxd4 18. b3 Rc8 19. Rbd1 Rc5 20. Rd2 b6 21. Qg4 Qf6 22. Qf3 Rfc8 23. Rff2 Qe7 24. Rfe2 Qf6 25. g4 e5 26. fxe5 Qxf3 27. Bxf3 dxe5 28. g5 b5 29. axb5 Bxb5 30. Rf2 a4 31. bxa4 Bxa4 32. Bd1 R8c7 33. Kg2 Kg7 34. Kg3 h6 35. h4 hxg5 36. hxg5 R5c6 37. Kh4 Rd6 38. Rf1 Rdc6 39. Rff2 Rc5 40. Kg3 Kf8 41. Rde2 Ke7 42. Kg2 Kd8 43. Kf1 R5c6 44. Ke1 Rb6 45. Kd2 Ke8 46. Re1 Rbc6 47. Kc1 Rc3 48. Ref1 Rxd3 0-1